Municipios de Cataluña (con un mapa) - Estadísticas

Estadísticas generales
  • Esta prueba ha sido intentada 272 veces
  • La puntuación promedio es 155 de 947
Respuestas en el mapa
Las respuestas están codificadas por una escala verde-roja en el mapa de la prueba según el % correcto abajo.
 
Estadísticas de respuestas
Respuesta % Correcto
Barcelona
95%
Tarragona
91%
Girona
89%
Lleida
89%
Badalona
84%
L'Hospitalet de Llobregat
83%
Sabadell
80%
Mataró
78%
Lles de Cerdanya
75%
Terrassa
74%
Castell d'Aro, Platja d'Aro i s'Agaró
73%
Castell de l'Areny
73%
Castell de Mur
73%
Reus
73%
Vic
72%
Manresa
70%
Salou
70%
Santa Coloma de Cervelló
68%
Santa Coloma de Farners
68%
Santa Coloma de Gramenet
68%
Santa Coloma de Queralt
68%
Sant Cugat del Vallès
68%
Sant Cugat Sesgarrigues
68%
Vall de Cardós
66%
Vall-llobrega
66%
Vilanova de Bellpuig
65%
Vilanova de la Barca
65%
Vilanova de l'Aguda
65%
Vilanova del Camí
65%
Vilanova del Vallès
65%
Vilanova de Meià
65%
Vilanova de Prades
65%
Vilanova de Sau
65%
Vilanova d'Escornalbou
65%
Vilanova de Segrià
65%
Vilanova i la Geltrú
65%
Ripoll
64%
Castelldefels
63%
El Prat de Llobregat
63%
Cornellà de Llobregat
62%
Cornellà del Terri
62%
Figueres
61%
Sitges
61%
Olot
60%
Lloret de Mar
59%
Sant Feliu de Buixalleu
59%
Sant Feliu de Codines
59%
Sant Feliu de Guíxols
59%
Sant Feliu de Llobregat
59%
Sant Feliu de Pallerols
59%
Sant Feliu Sasserra
59%
Roses
58%
Blanes
57%
Tortosa
57%
Granollers
56%
Igualada
56%
Les
56%
Sant Joan de les Abadesses
56%
Sant Joan de Mollet
56%
Sant Joan Despí
56%
Sant Joan de Vilatorrada
56%
Sant Joan les Fonts
56%
Sant Jordi Desvalls
56%
Amposta
54%
Cambrils
53%
Sant Boi de Llobregat
53%
Sant Boi de Lluçanès
53%
Berga
52%
la Torre de Cabdella
52%
La Torre de Claramunt
52%
La Torre de Fontaubella
52%
La Torre de l'Espanyol
52%
Viladecans
51%
Cadaqués
50%
Cerdanyola del Vallès
50%
Gavà
50%
Rubí
50%
Vilafranca del Penedès
50%
Martorell
49%
Puigcerdà
49%
Sant Pere de Ribes
49%
Sant Pere de Riudebitlles
49%
Sant Pere de Torelló
49%
Sant Pere de Vilamajor
49%
Sant Pere Pescador
49%
Sant Pere Sallavinera
49%
la Seu d'Urgell
47%
Llívia
47%
Calella
46%
Valls
45%
Banyoles
44%
Sant Adrià de Besòs
44%
Sant Just Desvern
44%
Tàrrega
44%
Calaf
42%
Deltebre
42%
El Vendrell
42%
Palamós
42%
Tossa de Mar
42%
Mollet del Vallès
41%
Mollet de Peralada
41%
Premià de Dalt
40%
Premià de Mar
40%
Vilassar de Mar
40%
Arenys de Mar
39%
Arenys de Munt
39%
Esplugues de Llobregat
39%
Sant Vicenç de Castellet
39%
Sant Vicenç dels Horts
39%
Sant Vicenç de Montalt
39%
Sort
39%
Torredembarra
39%
Salt
38%
Sant Andreu de la Barca
38%
Sant Andreu de Llavaneres
38%
Sant Andreu Salou
38%
El Masnou
37%
Palafrugell
37%
Sant Vicenç de Torelló
37%
Balaguer
36%
Calafell
36%
Cervera
36%
Montcada i Reixac
36%
Vielha e Mijaran
36%
L'Escala
35%
Mollerussa
35%
Montblanc
35%
Barberà de la Conca
34%
Barberà del Vallès
34%
Begur
34%
El Pont d'Armentera
34%
el Pont de Bar
34%
el Pont de Suert
34%
El Pont de Vilomara i Rocafort
34%
Olesa de Bonesvalls
34%
Olesa de Montserrat
34%
Portbou
34%
Santa Maria de Besora
34%
Santa Maria de Martorelles
34%
Santa Maria de Merlès
34%
Santa Maria de Miralles
34%
Santa Maria de Palautordera
34%
Santa Maria d'Oló
34%
Vila-seca
34%
Ripollet
33%
Riu de Cerdanya
33%
Caldes de Malavella
32%
Caldes de Montbui
32%
Caldes d'Estrac
32%
Móra d'Ebre
32%
Móra la Nova
32%
Sant Sadurní d'Anoia
32%
Sant Sadurní d'Osormort
32%
Solsona
32%
Sant Jaume de Llierca
31%
Sant Jaume dels Domenys
31%
Sant Quirze del Vallès
31%
L'Ametlla del Vallès
30%
L'Ametlla de Mar
30%
la Pobla de Cérvoles
30%
La Pobla de Claramunt
30%
La Pobla de Lillet
30%
La Pobla de Mafumet
30%
La Pobla de Massaluca
30%
La Pobla de Montornès
30%
la Pobla de Segur
30%
Montgat
30%
Pineda de Mar
30%
Sant Martí d'Albars
30%
Sant Martí de Centelles
30%
Sant Martí de Llémena
30%
Sant Martí de Riucorb
30%
Sant Martí de Tous
30%
Sant Martí Sarroca
30%
Sant Martí Sesgueioles
30%
Sant Martí Vell
30%
Sant Quirze de Besora
30%
Sant Quirze Safaja
30%
Vilassar de Dalt
30%
Cunit
29%
La Jonquera
29%
Molins de Rei
29%
Tordera
29%
Gandesa
28%
La Ràpita
28%
Santa Susanna
28%
Alp
27%
Canet d'Adri
27%
Canet de Mar
27%
el Palau d'Anglesola
27%
Moià
27%
Sant Pol de Mar
27%
Tremp
27%
Camprodon
26%
Cardedeu
26%
Castelló d'Empúries
26%
Cubelles
26%
La Bisbal d'Empordà
26%
La Roca del Vallès
26%
Malgrat de Mar
26%
Palau de Santa Eulàlia
26%
Palau-sator
26%
Palau-saverdera
26%
Palau-solità i Plegamans
26%
Pals
26%
Roda de Berà
26%
Roda de Ter
26%
Sant Celoni
26%
Ulldecona
26%
Alcanar
25%
La Vall de Bianya
25%
la Vall de Boí
25%
La Vall d'en Bas
25%
Manlleu
25%
Montmeló
25%
Parets del Vallès
25%
Sant Esteve de la Sarga
25%
Sant Esteve de Palautordera
25%
Sant Esteve Sesrovires
25%
Castellar del Vallès
24%
Alcarràs
23%
Alella
23%
Altafulla
23%
Besalú
23%
les Borges Blanques
23%
Sant Miquel de Campmajor
23%
Sant Miquel de Fluvià
23%
Argentona
22%
Badia del Vallès
22%
Cardona
22%
Castellar de la Ribera
22%
Castellar del Riu
22%
Castellar de n'Hug
22%
La Selva del Camp
22%
La Selva de Mar
22%
Llançà
22%
Matadepera
22%
Ribes de Freser
22%
Coll de Nargó
21%
Corbera de Llobregat
21%
Falset
21%
La Garriga
21%
Tona
21%
Abrera
20%
Anglès
20%
Castellbisbal
20%
El Port de la Selva
20%
Hostalric
20%
L'Ampolla
20%
Llagostera
20%
Santa Eugènia de Berga
20%
Santa Eulàlia de Riuprimer
20%
Santa Eulàlia de Ronçana
20%
Tiana
20%
Torelló
20%
Torroella de Montgrí
20%
Begues
19%
Sant Climent de Llobregat
19%
Sant Climent Sescebes
19%
Torroella de Fluvià
19%
Cabrera d'Anoia
18%
Cabrera de Mar
18%
Cabrils
18%
Canovelles
18%
Cassà de la Selva
18%
El Far d'Empordà
18%
Flix
18%
Ger
18%
Guissona
18%
La Llagosta
18%
La Sénia
18%
Lliçà d'Amunt
18%
Lliçà de Vall
18%
Maçanet de Cabrenys
18%
Pallejà
18%
Peralada
18%
Santa Perpètua de Mogoda
18%
Artés
17%
Ascó
17%
Esparreguera
17%
Santa Cristina d'Aro
17%
Sant Julià de Cerdanyola
17%
Sant Julià del Llor i Bonmatí
17%
Sant Julià de Ramis
17%
Sant Julià de Vilatorta
17%
Agramunt
16%
Canyelles
16%
Castellfollit del Boix
16%
Castellfollit de Riubregós
16%
Constantí
16%
Gelida
16%
La Bisbal del Penedès
16%
Maçanet de la Selva
16%
Montornès del Vallès
16%
Montornès de Segarra
16%
Mont-roig del Camp
16%
Santa Bàrbara
16%
Sant Hilari Sacalm
16%
Sant Llorenç de la Muga
16%
Sant Llorenç de Morunys
16%
Sant Llorenç d'Hortons
16%
Sant Llorenç Savall
16%
Santpedor
16%
Viladrau
16%
Bellver de Cerdanya
15%
Bossòst
15%
Calonge de Segarra
15%
Calonge i Sant Antoni
15%
Campdevànol
15%
Creixell
15%
Gurb
15%
Les Franqueses del Vallès
15%
Llinars del Vallès
15%
Monistrol de Calders
15%
Monistrol de Montserrat
15%
Montseny
15%
Pau
15%
Piera
15%
Prades
15%
Queralbs
15%
Teià
15%
Vallirana
15%
Vidreres
15%
Amer
14%
Dosrius
14%
El Papiol
14%
El Perelló
14%
Horta de Sant Joan
14%
L'Arboç
14%
Polinyà
14%
Santa Pau
14%
Sils
14%
Súria
14%
Torrelles de Foix
14%
Torrelles de Llobregat
14%
Vallfogona de Balaguer
14%
Vallfogona de Ripollès
14%
Vallfogona de Riucorb
14%
Viladecavalls
14%
Aiguafreda
13%
Alcover
13%
Arbúcies
13%
Artesa de Lleida
13%
Artesa de Segre
13%
Centelles
13%
El Pla de Santa Maria
13%
La Bisbal de Montsant
13%
L'Aldea
13%
Miravet
13%
Palafolls
13%
Planoles
13%
Prats de Lluçanès
13%
Prats i Sansor
13%
Quart
13%
Riudoms
13%
Roquetes
13%
Sallent
13%
Sant Jaume d'Enveja
13%
Ullà
13%
Aiguaviva
12%
Alfarràs
12%
Avinyó
12%
Batea
12%
Bellpuig
12%
Bot
12%
Cervelló
12%
Colera
12%
Espot
12%
Esterri d'Àneu
12%
Esterri de Cardós
12%
l'Espluga Calba
12%
L'Espluga de Francolí
12%
Rialp
12%
Santa Margarida de Montbui
12%
Santa Margarida i els Monjos
12%
Sant Gregori
12%
Sant Hipòlit de Voltregà
12%
Setcases
12%
Siurana
12%
Toses
12%
Verges
12%
Aitona
11%
Alpicat
11%
Celrà
11%
Collbató
11%
El Bruc
11%
El Morell
11%
El Pla del Penedès
11%
Fornells de la Selva
11%
Les Borges del Camp
11%
Massanes
11%
Molló
11%
Montbrió del Camp
11%
Organyà
11%
Òrrius
11%
Ponts
11%
Porqueres
11%
Riba-roja d'Ebre
11%
Sarrià de Ter
11%
Sentmenat
11%
Seva
11%
Tivissa
11%
Vilafant
11%
Vilobí del Penedès
11%
Vilobí d'Onyar
11%
Xerta
11%
Almacelles
10%
Bescanó
10%
Camarles
10%
El Catllar
10%
Les Preses
10%
Naut Aran
10%
Nulles
10%
Oliana
10%
Olivella
10%
Ribera d'Ondara
10%
Ribera d'Urgellet
10%
Taradell
10%
Àger
9%
Aiguamúrcia
9%
Arres
9%
Balsareny
9%
Bellcaire d'Empordà
9%
Benifallet
9%
Cervià de les Garrigues
9%
Corçà
9%
Espolla
9%
Flaçà
9%
Guardiola de Berguedà
9%
Juneda
9%
La Palma d'Ebre
9%
La Palma de Cervelló
9%
La Pera
9%
La Secuita
9%
Les Masies de Roda
9%
Les Masies de Voltregà
9%
Llavorsí
9%
Lluçà
9%
Martorelles
9%
Masquefa
9%
Mont-ras
9%
Navàs
9%
Perafort
9%
Sant Cebrià de Vallalta
9%
Sant Iscle de Vallalta
9%
Seròs
9%
Torrefarrera
9%
Torrent
9%
Vacarisses
9%
Vandellòs i l'Hospitalet de l'Infant
9%
Vilablareix
9%
Vilada
9%
Albanyà
8%
Alcoletge
8%
Aldover
8%
Alins
8%
Almenar
8%
Arbeca
8%
Arnes
8%
Avinyonet del Penedès
8%
Avinyonet de Puigventós
8%
Bagà
8%
Bàscara
8%
Bordils
8%
Breda
8%
Casserres
8%
Castellví de Rosanes
8%
Corbera d'Ebre
8%
El Pinell de Brai
8%
Espinelves
8%
Freginals
8%
Gironella
8%
La Canonja
8%
La Cellera de Ter
8%
La Nou de Berguedà
8%
La Nou de Gaià
8%
les Llosses
8%
L'Esquirol
8%
Lladó
8%
Maials
8%
Malla
8%
Marçà
8%
Montagut i Oix
8%
Navata
8%
Os de Balaguer
8%
Paüls
8%
Riells i Viabrea
8%
Riudarenes
8%
Riudecanyes
8%
Riudellots de la Selva
8%
Rupit i Pruit
8%
Sant Fost de Campsentelles
8%
Sant Fruitós de Bages
8%
Sarral
8%
Susqueda
8%
Ullastrell
8%
Ullastret
8%
Ultramort
8%
Vallbona d'Anoia
8%
Vallbona de les Monges
8%
Vilajuïga
8%
Vilallonga del Camp
8%
Vilallonga de Ter
8%
Vimbodí i Poblet
8%
Vinyols i els Arcs
8%
Agullana
7%
Albinyana
7%
Alguaire
7%
Alt Àneu
7%
Anglesola
7%
Beuda
7%
Borrassà
7%
Cabanes
7%
Cabra del Camp
7%
Camós
7%
Cantallops
7%
Capellades
7%
Castellet i la Gornal
7%
Cruïlles, Monells i Sant Sadurní de l'Heura
7%
Darnius
7%
Das
7%
Els Pallaresos
7%
Fogars de la Selva
7%
Fogars de Montclús
7%
Folgueroles
7%
Forallac
7%
Garriguella
7%
Gósol
7%
Gratallops
7%
Ivars de Noguera
7%
Juià
7%
La Fatarella
7%
La Granada
7%
la Granja d'Escarp
7%
l'Albi
7%
La Riba
7%
La Riera de Gaià
7%
Les Planes d'Hostoles
7%
Llanars
7%
Madremanya
7%
Mas de Barberans
7%
Masdenverge
7%
Mieres
7%
Montoliu de Lleida
7%
Montoliu de Segarra
7%
Olost
7%
Osor
7%
Puig-reig
7%
Riudaura
7%
Riudecols
7%
Rosselló
7%
Rupià
7%
Salomó
7%
Sant Antoni de Vilamajor
7%
Sant Pau de Segúries
7%
Sant Ramon
7%
Serinyà
7%
Sidamon
7%
Soses
7%
Torà
7%
Torregrossa
7%
Tortellà
7%
Ulldemolins
7%
Vidrà
7%
Vilabella
7%
Vilademuls
7%
Vilamalla
7%
Vila-rodona
7%
Abella de la Conca
6%
Aguilar de Segarra
6%
Alfara de Carles
6%
Alforja
6%
Almatret
6%
Alpens
6%
Argelaguer
6%
Balenyà
6%
Bell-lloc d'Urgell
6%
Bellvei
6%
Bellvís
6%
Bolvir
6%
Botarell
6%
Cabanelles
6%
Calders
6%
Camarasa
6%
Campelles
6%
Campllong
6%
Canejan
6%
Caseres
6%
Castellfollit de la Roca
6%
Castellgalí
6%
Castellnou de Bages
6%
Castellnou de Seana
6%
Castellolí
6%
Castellterçol
6%
Castellvell del Camp
6%
Cercs
6%
Cervià de Ter
6%
Colomers
6%
Cornudella de Montsant
6%
Cubells
6%
Duesaigües
6%
El Masroig
6%
El Milà
6%
Es Bòrdes
6%
Esponellà
6%
Foixà
6%
Forès
6%
Gaià
6%
Garcia
6%
Garrigàs
6%
Gimenells i el Pla de la Font
6%
Ginestar
6%
Godall
6%
Gualba
6%
Gualta
6%
Jafre
6%
Jorba
6%
La Galera
6%
la Masó
6%
L'Armentera
6%
La Vajol
6%
La Vilella Alta
6%
La Vilella Baixa
6%
L'Estany
6%
les Valls d'Aguilar
6%
les Valls de Valira
6%
Linyola
6%
Llambilles
6%
Llers
6%
Llorenç del Penedès
6%
Maià de Montcal
6%
Montferri
6%
Mura
6%
Navarcles
6%
Odèn
6%
Palol de Revardit
6%
Pardines
6%
Porrera
6%
Prat de Comte
6%
Puigpelat
6%
Rabós
6%
Rasquera
6%
Regencós
6%
Sales de Llierca
6%
Sant Aniol de Finestres
6%
Sant Ferriol
6%
Sant Guim de Freixenet
6%
Sant Guim de la Plana
6%
Talamanca
6%
Talarn
6%
Tavertet
6%
Térmens
6%
Tivenys
6%
Torres de Segre
6%
Vallmoll
6%
Vallromanes
6%
Vespella de Gaià
6%
Vilalba dels Arcs
6%
Vilamòs
6%
Vilanant
6%
Alàs i Cerc
5%
Albatàrrec
5%
Albons
5%
Bausen
5%
Belianes
5%
Bellmunt del Priorat
5%
Bellmunt d'Urgell
5%
Benissanet
5%
Bràfim
5%
Calldetenes
5%
Callús
5%
Capafonts
5%
Castellbell i el Vilar
5%
Conesa
5%
Crespià
5%
El Rourell
5%
els Alamús
5%
Els Hostalets de Pierola
5%
Figuerola del Camp
5%
Fontcoberta
5%
Gallifa
5%
Garrigoles
5%
Gisclareny
5%
Golmés
5%
Gombrèn
5%
Guils de Cerdanya
5%
Guimerà
5%
La Febró
5%
la Floresta
5%
la Granadella
5%
la Guingueta d'Àneu
5%
La Tallada d'Empordà
5%
Margalef
5%
Massalcoreig
5%
Montesquiu
5%
Navès
5%
Olèrdola
5%
Parlavà
5%
Pedret i Marzà
5%
Perafita
5%
Pinós
5%
Pontons
5%
Puigverd d'Agramunt
5%
Puigverd de Lleida
5%
Renau
5%
Sanaüja
5%
Santa Oliva
5%
Sant Salvador de Guardiola
5%
Solivella
5%
Subirats
5%
Verdú
5%
Vilaller
5%
Vilamacolum
5%
Vila-sana
5%
Vilaür
5%
Vilaverd
5%
Vilopriu
5%
Vinebre
5%
Albesa
4%
Alfés
4%
Alió
4%
Almoster
4%
Alòs de Balaguer
4%
Arbolí
4%
Avià
4%
Baix Pallars
4%
Banyeres del Penedès
4%
Bellprat
4%
Biure
4%
Bonastre
4%
Borredà
4%
Capmany
4%
Castelldans
4%
Castelló de Farfanya
4%
Castellserà
4%
Cava
4%
Cistella
4%
Colldejou
4%
Copons
4%
Corbins
4%
el Brull
4%
El Lloar
4%
el Montmell
4%
Els Garidells
4%
Els Guiamets
4%
Estamariu
4%
Figaró-Montmany
4%
Fígols
4%
Fonollosa
4%
Fontanilles
4%
Fortià
4%
Ivars d'Urgell
4%
la Coma i la Pedra
4%
L'Albiol
4%
L'Aleixar
4%
La Llacuna
4%
La Morera de Montsant
4%
L'Argentera
4%
Lladorre
4%
Lladurs
4%
Llardecans
4%
Masllorenç
4%
Meranges
4%
Miralcamp
4%
Mont-ral
4%
Muntanyola
4%
Òdena
4%
Ogassa
4%
Ordis
4%
Orís
4%
Pira
4%
Pont de Molins
4%
Pontós
4%
Pratdip
4%
Pujalt
4%
Querol
4%
Rajadell
4%
Rellinars
4%
Riumors
4%
Rocafort de Queralt
4%
Rodonyà
4%
Sant Agustí de Lluçanès
4%
Santa Llogaia d'Àlguema
4%
Sant Bartomeu del Grau
4%
Sant Mateu de Bages
4%
Sant Mori
4%
Sant Quintí de Mediona
4%
Senan
4%
Senterada
4%
Serra de Daró
4%
Sora
4%
Sunyer
4%
Tagamanent
4%
Tarrés
4%
Terrades
4%
Tornabous
4%
Urús
4%
Vallclara
4%
Vallgorguina
4%
Ventalló
4%
Vilabertran
4%
Viladamat
4%
Viladasens
4%
Vilagrassa
4%
Vilaplana
4%
Vila-sacra
4%
Vinaixa
4%
Alcanó
3%
Algerri
3%
Argençola
3%
Arsèguel
3%
Aspa
3%
Barbens
3%
Bassella
3%
Bellcaire d'Urgell
3%
Benavent de Segrià
3%
Bigues i Riells del Fai
3%
Biosca
3%
Blancafort
3%
Bovera
3%
Brunyola i Sant Martí Sapresa
3%
Cabacés
3%
Cabanabona
3%
Cabó
3%
Cànoves i Samalús
3%
Capçanes
3%
Carme
3%
Castellcir
3%
Clariana de Cardener
3%
Collsuspina
3%
el Cogul
3%
El Molar
3%
el Poal
3%
els Omellons
3%
els Omells de na Gaia
3%
Els Prats de Rei
3%
Estaràs
3%
Fondarella
3%
Fontanals de Cerdanya
3%
Font-rubí
3%
Foradada
3%
Fulleda
3%
Gavet de la Conca
3%
Granyanella
3%
Granyena de les Garrigues
3%
Granyena de Segarra
3%
Isòvol
3%
Ivorra
3%
Juncosa
3%
la Baronia de Rialb
3%
La Figuera
3%
la Fuliola
3%
la Quar
3%
la Sentiu de Sió
3%
les Oluges
3%
Les Piles
3%
Llimiana
3%
Llobera
3%
Llorac
3%
Maldà
3%
Marganell
3%
Maspujols
3%
Massoteres
3%
Mediona
3%
Menàrguens
3%
Montgai
3%
Montmajor
3%
Montmaneu
3%
Olius
3%
Olvan
3%
Oristà
3%
Orpí
3%
Penelles
3%
Peramola
3%
Pinell de Solsonès
3%
Poboleda
3%
Pontils
3%
Pradell de la Teixeta
3%
Preixana
3%
Preixens
3%
Puiggròs
3%
Rubió
3%
Santa Cecília de Voltregà
3%
Santa Fe del Penedès
3%
Sant Jaume de Frontanyà
3%
Sarroca de Bellera
3%
Sarroca de Lleida
3%
Saus, Camallera i Llampaies
3%
Savallà del Comtat
3%
Sobremunt
3%
Soriguera
3%
Sudanell
3%
Talavera
3%
Tavèrnoles
3%
Tírvia
3%
Tiurana
3%
Torrelameu
3%
Torre-serona
3%
Torroja del Priorat
3%
Vallcebre
3%
Veciana
3%
Vilalba Sasserra
3%
Vilamaniscle
3%
Bellaguarda
2%
Boadella i les Escaules
2%
Campins
2%
Capolat
2%
Castellví de la Marca
2%
Ciutadilla
2%
Conca de Dalt
2%
el Soleràs
2%
els Plans de Sió
2%
els Torms
2%
el Vilosell
2%
Farrera
2%
Fígols i Alinyà
2%
Granera
2%
Guixers
2%
Isona i Conca Dellà
2%
Josa i Tuixén
2%
l'Albagés
2%
la Molsosa
2%
la Portella
2%
la Vansa i Fórnols
2%
les Avellanes i Santa Linya
2%
Les Cabanyes
2%
l'Espunyola
2%
Montclar
2%
Montellà i Martinet
2%
Montferrer i Castellbò
2%
Nalec
2%
Oliola
2%
Ossó de Sió
2%
Pacs del Penedès
2%
Passanant i Belltall
2%
Prullans
2%
Puigdàlber
2%
Riner
2%
Sagàs
2%
Salàs de Pallars
2%
Saldes
2%
Tarroja de Segarra
2%
Torrebesses
2%
Torrefeta i Florejacs
2%
Torrelavit
2%
Viver i Serrateix
2%
Masarac i Vilarnadal
1%
No se encontraron pruebas coincidentes
Distribución de puntuación
Porcentaje de gente con cada puntuación
Porcentaje por número respondido
Historial de tus puntuaciones
No has intentado esta prueba.